Players who have completed football - Statistics

General Stats
  • This quiz has been taken 20 times
  • The average score is 7 of 10
Answer Stats
Completed Player % Correct
2022 Lionel Messi
100%
1974 Franz Beckenbauer
89%
1974 Gerd Müller
84%
2006 Ronaldinho
79%
2002 Zinedine Zidane
79%
1968 Bobby Charlton
68%
2007 Kaka
68%
2025 Ousmane Dembele
63%
1985 Paolo Rossi
58%
2003 Rivaldo
47%
No matching quizzes found
Score Distribution
Percent of People with Each Score
Percentile by Number Answered
Your Score History
You have not taken this quiz